00522nam a22001697a 4500082002600000100002300026245003900049250001100088260003600099300001700135526003700152650001300189700002300202942001200225999001900237952009600256 a516.62bKNOcL-3, P-9 aKnott, C.G.939420 aPractical mathematicscKnott, C.G. a3rd ed aEdinburghbW&R chambers limited axii, 627 p.: a0b0c0d516_620000000000000_KNO aMCE9379 aKnott, C.G.939420 2ddccBK c543917d543917 00102ddc4070aMCEbMCEd2014-04-07l0o516.62 KNOpMCE-30621r2014-04-07w2014-04-07yBK